Normal view
MARC view
- SAI,S K RAM
Entry Personal Name
001 - CONTROL NUMBER
- control field: 91612
003 - CONTROL NUMBER IDENTIFIER
- control field: NUST
005 - DATE AND TIME OF LATEST TRANSACTION
- control field: 20220517100755.0
008 - FIXED-LENGTH DATA ELEMENTS
- fixed length control field: 220517|| aca||aabn | a|a d
040 ## - CATALOGING SOURCE
- Original cataloging agency: NUST
- Transcribing agency: NUST
100 ## - HEADING--PERSONAL NAME
- Personal name: SAI,S K RAM
670 ## - SOURCE DATA FOUND
- Source citation: Work cat.: (NUST): SAI,S K RAM., DESIGN OF STEEL STRUCTURES /, 2013.
